[Event "World Rapid Women 2021"]
[Site "Warsaw POL"]
[Date "2021.12.27"]
[Round "8.22"]
[White "Lach, Aleksandra"]
[Black "Zatonskih, Anna"]
[Result "1-0"]
[WhiteTitle "WIM"]
[BlackTitle "IM"]
[WhiteElo "2198"]
[BlackElo "2403"]
[WhiteFideId "1134299"]
[BlackFideId "14101572"]
[EventDate "2021.12.26"]

1. e4 e6 2. d4 d5 3. e5 c5 4. c3 Qb6 5. Nf3 Bd7 6. Bd3 cxd4 7. O-O Nc6 8. Re1
Nge7 9. Nbd2 dxc3 10. bxc3 Qc7 11. Nb3 Ng6 12. Qe2 f6 13. Bxg6+ hxg6 14. Bf4 g5
15. Bg3 Qd8 16. exf6 gxf6 17. Nfd4 Nxd4 18. Nxd4 Qc8 19. Nxe6 Bxe6 20. Qxe6+
Qxe6 21. Rxe6+ Kf7 22. Rae1 Rc8 23. Rxf6+ Kxf6 24. Be5+ Kf7 25. Bxh8 Bc5 26. Be5
Rc6 27. g4 Bb6 28. Kf1 Rc4 29. f3 Ba5 30. Rb1 1-0

[Event "World Rapid Women 2021"]
[Site "Warsaw POL"]
[Date "2021.12.27"]
[Round "8.23"]
[White "Sliwicka, Alicja"]
[Black "Zhukova, Natalia"]
[Result "1-0"]
[WhiteTitle "WIM"]
[BlackTitle "GM"]
[WhiteElo "2289"]
[BlackElo "2335"]
[WhiteFideId "1150677"]
[BlackFideId "14101513"]
[EventDate "2021.12.26"]

1. e4 e5 2. Nf3 Nc6 3. Nc3 Nf6 4. a3 g6 5. d4 exd4 6. Nxd4 Bg7 7. Nxc6 bxc6 8.
Bd3 O-O 9. O-O d6 10. Bg5 h6 11. Bh4 Rb8 12. Qc1 g5 13. Bg3 Nh5 14. Rb1 Be6 15.
Nd1 d5 16. Qe3 d4 17. Qe2 Nxg3 18. hxg3 Qd7 19. f4 gxf4 20. gxf4 f5 21. e5 Qf7
22. b3 Kh8 23. Nb2 Rg8 24. Bc4 Bf8 25. Bxe6 Qxe6 26. Nd3 c5 27. Rbd1 Be7 28. Rf3
Rg6 29. Rh3 Rbg8 30. Rd2 Rg4 31. Qf3 Kh7 32. Qb7 R8g7 33. Qf3 c4 34. bxc4 Qxc4
35. e6 Qxe6 36. Re2 Qg8 37. Ne5 Rg3 38. Rxg3 Rxg3 39. Qc6 Bd6 40. Qd7+ Rg7 41.
Qxf5+ Kh8 42. Qh5 Kh7 43. Nd3 Qf7 44. Qf3 Qf5 45. Qe4 Qxe4 46. Rxe4 Bxa3 47.
Rxd4 Bd6 48. Rc4 Rg8 49. Kf2 Rb8 50. g4 Rb1 51. Ra4 Rb7 52. Kf3 Kg7 53. Ke4 Kf6
54. Ra6 Ke7 55. Kf5 Kf7 56. c4 Rb3 57. Ne5+ Ke7 58. Rxa7 Rb1 59. Ra8 Rc1 60. Rh8
Bxe5 61. Kxe5 Rxc4 62. Rh7+ Kf8 63. Rxh6 Kg7 64. Ra6 Rc1 65. g5 Re1+ 66. Kf5 Rc1
67. Re6 c5 68. Re7+ Kf8 69. Rc7 Ke8 70. g6 Kd8 71. g7 Rg1 72. Ra7 Ke8 73. Ke4 1-0

[Event "World Rapid Women 2021"]
[Site "Warsaw POL"]
[Date "2021.12.27"]
[Round "8.24"]
[White "Bodnaruk, Anastasia"]
[Black "Mamedjarova, Zeinab"]
[Result "0-1"]
[WhiteTitle "IM"]
[BlackTitle "WGM"]
[WhiteElo "2396"]
[BlackElo "2249"]
[WhiteFideId "4181751"]
[BlackFideId "13401521"]
[EventDate "2021.12.26"]

1. e4 e5 2. Nf3 d6 3. d4 exd4 4. Nxd4 Nf6 5. Nc3 Be7 6. g3 O-O 7. Bg2 c6 8. O-O
Re8 9. h3 a5 10. g4 Bf8 11. g5 Nfd7 12. f4 Nb6 13. a4 Na6 14. f5 Nc7 15. Bf4 d5
16. Kh1 dxe4 17. Nxc6 Qxd1 18. Raxd1 bxc6 19. Bxc7 Nc4 20. Bxe4 Bb7 21. Rd4 Nxb2
22. Bg2 Bb4 23. Na2 Bc5 24. Rh4 Re2 25. Rb1 Rxc2 26. Be4 Re2 27. Nc3 Rd2 28. Bf4
Rad8 29. Bxd2 Rxd2 30. Re1 Bf2 31. Nb1 Bxe1 32. Nxd2 Bxh4 33. Nf3 Bf2 34. Kg2
Be3 35. h4 Nxa4 36. Ne5 Nc3 37. Bd3 c5+ 38. Kf1 Bd4 39. Nd7 Bc6 40. Nb6 a4 41.
Bc4 a3 42. g6 hxg6 43. fxg6 Bb5 44. gxf7+ Kf8 0-1

[Event "World Rapid Women 2021"]
[Site "Warsaw POL"]
[Date "2021.12.27"]
[Round "8.25"]
[White "Osmak, Yuliia"]
[Black "Fernandez, Maria Florencia"]
[Result "1-0"]
[WhiteTitle "IM"]
[BlackTitle "WIM"]
[WhiteElo "2419"]
[BlackElo "2229"]
[WhiteFideId "14101602"]
[BlackFideId "116459"]
[EventDate "2021.12.26"]

1. c4 Nf6 2. Nc3 g6 3. e4 d6 4. d4 Bg7 5. Be2 O-O 6. Be3 Na6 7. Nf3 c5 8. d5 e6
9. O-O exd5 10. cxd5 Re8 11. Nd2 Nc7 12. a4 Na6 13. Bf3 Nd7 14. Be2 Nb4 15. f4
Nf6 16. Bf2 h5 17. h3 Qe7 18. Bh4 Qc7 19. Bg3 Nd7 20. Nc4 Bd4+ 21. Kh1 a6 22. a5
b5 23. axb6 Nxb6 24. e5 dxe5 25. d6 Qd8 26. fxe5 Bb7 27. Na5 Bc8 28. Bf3 Ra7 29.
Qe2 Bf5 30. Nc6 Nxc6 31. Bxc6 Re6 32. Rae1 Qg5 33. Qf3 Qd2 34. Be4 Bxe4 35. Nxe4
Qxb2 36. Nf6+ Kg7 37. d7 Nxd7 1-0

[Event "World Rapid Women 2021"]
[Site "Warsaw POL"]
[Date "2021.12.27"]
[Round "8.26"]
[White "Nomin-Erdene, Davaademberel"]
[Black "Garcia Martin, Marta"]
[Result "1-0"]
[WhiteTitle "IM"]
[BlackTitle "IM"]
[WhiteElo "2391"]
[BlackElo "2325"]
[WhiteFideId "4900782"]
[BlackFideId "32084030"]
[EventDate "2021.12.26"]

1. e4 e5 2. Nf3 Nc6 3. Bc4 Nf6 4. d4 exd4 5. e5 d5 6. Bb5 Ne4 7. Nxd4 Bc5 8. Be3
O-O 9. Nxc6 bxc6 10. Bxc5 Nxc5 11. Bxc6 Rb8 12. Qxd5 Qe7 13. O-O Rxb2 14. Na3
Rd8 15. Qf3 Ne6 16. Qc3 Rb6 17. Rfd1 Rxc6 18. Qxc6 Rxd1+ 19. Rxd1 Qxa3 20. Qa8
Qa6 21. Rb1 Nf4 22. h3 Ng6 23. Rd1 h6 24. Rd8+ Kh7 25. Qxc8 Qxa2 26. Qf5 Qa1+
27. Kh2 Qxe5+ 28. Qxe5 Nxe5 29. Ra8 Nc6 30. Rc8 a5 31. Rxc7 Nd4 32. c4 Kg6 33.
Ra7 Nb3 34. Rb7 1-0

[Event "World Rapid Women 2021"]
[Site "Warsaw POL"]
[Date "2021.12.27"]
[Round "8.27"]
[White "Ovod, Evgenija"]
[Black "Nurgali, Nazerke"]
[Result "1-0"]
[WhiteTitle "IM"]
[BlackTitle "WIM"]
[WhiteElo "2366"]
[BlackElo "2260"]
[WhiteFideId "4131827"]
[BlackFideId "13711261"]
[EventDate "2021.12.26"]

1. e4 c6 2. Nf3 d5 3. d3 g6 4. Qe2 Bg7 5. g3 e6 6. Bg2 Ne7 7. O-O O-O 8. c3 Nd7
9. Be3 e5 10. Nbd2 c5 11. exd5 Nxd5 12. Ne4 Nxe3 13. Qxe3 Qc7 14. c4 b6 15. Nc3
Bb7 16. Nd2 Bxg2 17. Kxg2 f5 18. Nd5 Qd6 19. Nb1 f4 20. Qe4 Nf6 21. Nxf6+ Qxf6
22. Nc3 f3+ 23. Kh1 Rad8 24. Nd5 Qe6 25. Rae1 Rf7 26. g4 Rdf8 27. Rg1 Qd7 28.
Rg3 Qa4 29. h4 Qc2 30. Kg1 Qxb2 31. h5 g5 32. h6 Bxh6 33. Rh3 Kg7 34. Re3 Re8
35. Rexf3 Ref8 36. Ne3 Rf4 37. Rxf4 Rxf4 38. Nf5+ Kf8 39. Qa8+ Kf7 40. Qb7+ Kg8
41. Nxh6+ Kf8 42. Qc8+ Ke7 43. Nf5+ 1-0

[Event "World Rapid Women 2021"]
[Site "Warsaw POL"]
[Date "2021.12.27"]
[Round "8.28"]
[White "Salimova, Nurgyul"]
[Black "Maltsevskaya, Aleksandra"]
[Result "1-0"]
[WhiteTitle "IM"]
[BlackTitle "IM"]
[WhiteElo "2353"]
[BlackElo "2400"]
[WhiteFideId "2915138"]
[BlackFideId "24174041"]
[EventDate "2021.12.26"]

1. d4 Nf6 2. Nc3 d5 3. Bf4 a6 4. e3 c5 5. dxc5 Nc6 6. Nf3 e6 7. Bd3 Bxc5 8. O-O
h6 9. e4 d4 10. Ne2 Qe7 11. Ne5 O-O 12. Nxc6 bxc6 13. e5 Nd5 14. Qd2 f5 15. exf6
Qxf6 16. Bg3 e5 17. c3 dxc3 18. Nxc3 Nxc3 19. bxc3 Bf5 20. Bxf5 Qxf5 21. Qe2 e4
22. Rae1 Rae8 23. Qxa6 e3 24. fxe3 Rxe3 25. Kh1 Rxe1 26. Rxe1 Kh7 27. Qc4 Rd8
28. Rf1 Qh5 29. Qe4+ Kh8 30. Qxc6 Rd1 31. Qa8+ Kh7 32. Qe4+ Kh8 33. Rxd1 Qxd1+
34. Qe1 Qc2 35. Be5 Bf2 36. Qa1 Qe2 37. Bd4 Be1 38. Qb1 Qf1+ 39. Bg1 Qe2 40. Qf5
Qxa2 41. Bd4 Qa8 42. Qg6 Qb7 43. Qe8+ Kh7 44. Qxe1 1-0

[Event "World Rapid Women 2021"]
[Site "Warsaw POL"]
[Date "2021.12.27"]
[Round "8.29"]
[White "Kulon, Klaudia"]
[Black "Vantika, Agrawal"]
[Result "0-1"]
[WhiteTitle "IM"]
[BlackTitle "WGM"]
[WhiteElo "2335"]
[BlackElo "2381"]
[WhiteFideId "1131044"]
[BlackFideId "25050389"]
[EventDate "2021.12.26"]

1. d4 Nf6 2. Bg5 g6 3. Bxf6 exf6 4. c4 d5 5. cxd5 Qxd5 6. Nc3 Qd8 7. e4 Bd6 8.
Nf3 O-O 9. Be2 a6 10. a4 c6 11. O-O Bc7 12. h3 Qe7 13. Qb1 a5 14. Re1 Na6 15.
Bxa6 Rxa6 16. Qd3 Rd8 17. Rac1 Ra8 18. Qc2 Bf4 19. Rcd1 Bd7 20. Qb3 Qb4 21. Qa2
Kg7 22. d5 Qb6 23. Nd2 Qc5 24. Nb3 Qe7 25. g3 Bc7 26. Kg2 Qe5 27. Nc5 Bc8 28.
Qb1 Qh5 29. Rh1 b6 30. Nd3 cxd5 31. Nxd5 Rxd5 32. exd5 Qxd5+ 33. Kh2 Qh5 34. Qc2
Ra7 35. Kg1 Bb7 36. Rh2 Bf3 37. Re1 Bd6 38. Qd2 Rd7 39. Qe3 Bb7 40. Nf4 Bxf4 41.
Qxf4 Rd1 42. Qe3 Qf3 43. Qe7 Bd5 44. h4 h5 45. b4 Be4 46. Kf1 Qd3+ 47. Kg1 Rxe1# 0-1

[Event "World Rapid Women 2021"]
[Site "Warsaw POL"]
[Date "2021.12.27"]
[Round "8.30"]
[White "Dworakowska, Joanna"]
[Black "Goraj, Barbara"]
[Result "0-1"]
[WhiteTitle "IM"]
[BlackTitle "WCM"]
[WhiteElo "2321"]
[BlackElo "2044"]
[WhiteFideId "1107445"]
[BlackFideId "21816166"]
[EventDate "2021.12.26"]

1. e4 c5 2. Nf3 Nc6 3. Nc3 d6 4. g3 g6 5. Bg2 Bg7 6. O-O Nf6 7. d3 O-O 8. h3 Rb8
9. Be3 b5 10. Qd2 Bh8 11. Bh6 Re8 12. Ng5 b4 13. Nd5 e6 14. Ne3 Nh5 15. g4 Nf4
16. Nxf7 Nxh3+ 17. Bxh3 Kxf7 18. Nc4 Ne5 19. Nxe5+ Bxe5 20. c3 bxc3 21. bxc3 Qh4
22. Kg2 Bxc3 23. Qxc3 Qxh6 24. f4 Qg7 25. e5 Kg8 26. Rac1 dxe5 27. fxe5 Bb7+ 28.
Kg3 Bd5 29. Rf6 Qb7 30. g5 Bxa2 31. Qa5 Qd5 32. Rxc5 Qxd3+ 33. Rf3 Qb1 34. Rc7
Bd5 35. Qxa7 Qe1+ 36. Kh2 Qxe5+ 37. Rg3 Rb2+ 38. Kg1 Qxg3+ 0-1

[Event "World Rapid Women 2021"]
[Site "Warsaw POL"]
[Date "2021.12.27"]
[Round "8.31"]
[White "Berend, Elvira"]
[Black "Wikar, Martyna"]
[Result "1-0"]
[WhiteTitle "WGM"]
[BlackTitle "WFM"]
[WhiteElo "2329"]
[BlackElo "2168"]
[WhiteFideId "4000510"]
[BlackFideId "21807663"]
[EventDate "2021.12.26"]

1. d4 Nf6 2. Nf3 d6 3. g3 Nbd7 4. Bg2 e5 5. c4 Be7 6. Nc3 O-O 7. O-O Re8 8. e4
c6 9. d5 Nc5 10. Ne1 a5 11. Nd3 Nxd3 12. Qxd3 Nd7 13. Be3 Rf8 14. Rad1 c5 15. a3
b6 16. Rb1 Ba6 17. Bh3 Qc7 18. Rbc1 Bf6 19. Nb5 Bxb5 20. cxb5 a4 21. Qc4 g6 22.
Bg4 Bg7 23. Bd1 Qa7 24. Ra1 f5 25. f3 f4 26. Bd2 g5 27. b3 axb3 28. Bxb3 Qc7 29.
a4 Bf6 30. Qe2 Ra7 31. Kh1 Kh8 32. Rg1 Rg8 33. Bc4 Rga8 34. Qd1 Nf8 35. Qb3 Nd7
36. Bc3 Rf8 37. Ra2 Rfa8 38. gxf4 gxf4 39. Rag2 Rf8 40. Be1 Qd8 41. Rg4 Qe7 42.
Qc2 Qf7 43. Qb3 Raa8 44. Bf1 Rfb8 45. Qc2 Qh5 46. Qg2 Qf7 47. Qh3 Rxa4 48. Qh6
Raa8 49. Bh3 c4 50. Rg6 c3 51. Bxc3 Nc5 52. Rxf6 1-0

[Event "World Rapid Women 2021"]
[Site "Warsaw POL"]
[Date "2021.12.27"]
[Round "8.32"]
[White "Utiatskaja, Irina"]
[Black "Kashlinskaya, Alina"]
[Result "0-1"]
[WhiteTitle "WIM"]
[BlackTitle "IM"]
[WhiteElo "2184"]
[BlackElo "2490"]
[WhiteFideId "24140848"]
[BlackFideId "4198026"]
[EventDate "2021.12.26"]

1. e4 e6 2. d4 d5 3. Bd3 dxe4 4. Bxe4 Nf6 5. Bd3 Be7 6. Nf3 O-O 7. Bg5 b6 8.
Bxf6 Bxf6 9. Be4 c6 10. Qd3 h6 11. Nc3 Ba6 12. Qe3 Qc7 13. O-O-O Nd7 14. g4 b5
15. h4 Nb6 16. b3 b4 17. g5 Be7 18. Ne2 Bxe2 19. Qxe2 Qf4+ 20. Kb1 Rac8 21. gxh6
Qxh6 22. Ne5 Nd5 23. Bxd5 cxd5 24. h5 Rc3 25. Ng6 Re8 26. Nxe7+ Rxe7 27. Qb5
Rec7 28. Rc1 Rc8 29. Qxb4 Qh7 30. Kb2 Rxc2+ 31. Ka3 Qd3 32. Rxc2 Rxc2 33. Qa4
Qd2 34. Ra1 a5 35. h6 gxh6 36. Qe8+ Kg7 37. Rg1+ Kf6 38. Qh8+ 0-1

[Event "World Rapid Women 2021"]
[Site "Warsaw POL"]
[Date "2021.12.27"]
[Round "8.33"]
[White "Nur-Mukhametova, Alisa"]
[Black "Bulmaga, Irina"]
[Result "0-1"]
[BlackTitle "IM"]
[WhiteElo "2225"]
[BlackElo "2390"]
[WhiteFideId "54117739"]
[BlackFideId "13903063"]
[EventDate "2021.12.26"]

1. d4 Nf6 2. c4 e6 3. Nf3 Bb4+ 4. Nbd2 O-O 5. g3 b6 6. Bg2 Bb7 7. O-O d5 8. Ne5
Bd6 9. Qc2 c5 10. Nef3 Nbd7 11. cxd5 exd5 12. dxc5 bxc5 13. Nh4 Re8 14. Re1 g6
15. Nc4 Bf8 16. Bf4 Ne4 17. Bxe4 Rxe4 18. Nd6 Bxd6 19. Bxd6 Qf6 20. Bc7 Rc8 21.
Ba5 d4 22. Ng2 Rce8 23. b4 Qa6 24. Qd3 c4 25. Qc2 Qe6 26. Rad1 d3 27. Qd2 Rxe2
28. Rxe2 dxe2 29. Re1 Qe4 30. f3 Qxf3 0-1

[Event "World Rapid Women 2021"]
[Site "Warsaw POL"]
[Date "2021.12.27"]
[Round "8.34"]
[White "Semenova, Elena1"]
[Black "Maisuradze, Nino"]
[Result "1/2-1/2"]
[WhiteTitle "WIM"]
[BlackTitle "WGM"]
[WhiteElo "2278"]
[BlackElo "2202"]
[WhiteFideId "24125148"]
[BlackFideId "13601717"]
[EventDate "2021.12.26"]

1. e4 c5 2. Nf3 Nc6 3. Bb5 g6 4. O-O Bg7 5. Re1 Nf6 6. c3 O-O 7. d4 d5 8. e5 Ne4
9. Nbd2 cxd4 10. cxd4 Qb6 11. Bxc6 Qxc6 12. Nb3 Bg4 13. h3 Bd7 14. Bf4 f6 15.
Rc1 Qb6 16. Nc5 Nxc5 17. dxc5 Qc6 18. Nd4 Qc8 19. e6 Bc6 20. b4 a6 21. a4 Qe8
22. Ra1 f5 23. Be5 Bxe5 24. Rxe5 f4 25. h4 Rf6 26. h5 Kg7 27. Ra3 Rd8 28. hxg6
Qxg6 29. Qd3 Qxd3 30. Rxd3 Bxa4 31. Nf5+ Kf8 32. Rh3 Bc2 33. Rxh7 Kg8 34. Rg7+
Kf8 35. Rh7 Kg8 36. Rg7+ Kf8 37. Rh7 Kg8 38. Rg7+ Kf8 39. Rh7 1/2-1/2

[Event "World Rapid Women 2021"]
[Site "Warsaw POL"]
[Date "2021.12.27"]
[Round "8.35"]
[White "Rudzinska, Michalina"]
[Black "Rakhmangulova, Anastasiya"]
[Result "0-1"]
[WhiteTitle "WFM"]
[BlackTitle "WIM"]
[WhiteElo "2215"]
[BlackElo "2174"]
[WhiteFideId "1172883"]
[BlackFideId "14117479"]
[EventDate "2021.12.26"]

1. e4 d5 2. exd5 Qxd5 3. Nc3 Qd6 4. d4 Nf6 5. Nge2 e5 6. dxe5 Qxe5 7. Bf4 Qa5 8.
Qd2 Nc6 9. O-O-O Be6 10. Nd4 Nxd4 11. Qxd4 Be7 12. Qa4+ Qxa4 13. Nxa4 O-O 14. b3
Ba3+ 15. Kb1 c6 16. Nb2 Ne4 17. Re1 Nxf2 18. Rg1 Rfd8 19. Be2 Ne4 20. Bf3 Nd2+
21. Bxd2 Rxd2 22. Be4 Rad8 23. Nd3 g6 24. Nf4 Bc8 25. Bd3 Bd6 26. Ne2 Bxh2 27.
Rh1 Bc7 28. Rh4 Bb6 29. Rf4 Be6 30. g4 Be3 31. Re4 Bg5 32. Nd4 Bd5 33. Re8+ Rxe8
34. Rxe8+ Kg7 35. a4 Bf6 36. Kc1 Rxd3 37. cxd3 Bxd4 38. b4 h5 39. gxh5 gxh5 40.
Rb8 h4 0-1

[Event "World Rapid Women 2021"]
[Site "Warsaw POL"]
[Date "2021.12.27"]
[Round "8.36"]
[White "Loskutova, Viktoriya"]
[Black "Beydullayeva, Govhar"]
[Result "0-1"]
[WhiteTitle "WFM"]
[BlackTitle "WIM"]
[WhiteElo "2100"]
[BlackElo "2290"]
[WhiteFideId "34166278"]
[BlackFideId "13413015"]
[EventDate "2021.12.26"]

1. e4 c5 2. Nf3 d6 3. d4 cxd4 4. Nxd4 Nf6 5. Nc3 a6 6. Be3 e5 7. Nb3 Be6 8. f3
h5 9. Nd5 Bxd5 10. exd5 Nbd7 11. Qd2 Rc8 12. c4 b6 13. Be2 g6 14. O-O Bg7 15.
Rac1 O-O 16. Na1 a5 17. a3 e4 18. f4 Ng4 19. Bxg4 hxg4 20. Nb3 f5 21. Nd4 Nc5
22. Nc6 Rxc6 23. dxc6 Nd3 24. Rb1 Qc7 25. Rfd1 Qxc6 26. Qc2 d5 27. Rxd3 exd3 28.
Qxd3 dxc4 29. Qc2 Re8 30. Bf2 b5 31. Qd2 a4 32. Rd1 Bf6 33. Qb4 Rd8 34. Re1 Qd5
35. Bb6 Rb8 36. Ba7 Ra8 37. Bb6 Kf7 38. Bf2 Re8 39. Rf1 Re2 40. Qa5 Bxb2 41.
Qc7+ Re7 42. Qb8 Bf6 43. Rb1 c3 44. Qxb5 Qxb5 45. Rxb5 c2 46. Rc5 Re1+ 0-1

[Event "World Rapid Women 2021"]
[Site "Warsaw POL"]
[Date "2021.12.27"]
[Round "8.37"]
[White "Malicka, Maria"]
[Black "Kiolbasa, Oliwia"]
[Result "0-1"]
[WhiteTitle "FM"]
[BlackTitle "WIM"]
[WhiteElo "2307"]
[BlackElo "2399"]
[WhiteFideId "1197576"]
[BlackFideId "1154613"]
[EventDate "2021.12.26"]

1. e4 e5 2. Nf3 Nc6 3. Bb5 a6 4. Ba4 Nf6 5. O-O Be7 6. Re1 b5 7. Bb3 d6 8. c3
O-O 9. h3 Bb7 10. d4 Re8 11. Ng5 Rf8 12. Nf3 h6 13. Nbd2 Re8 14. Nf1 Bf8 15. Ng3
Qd7 16. a4 exd4 17. cxd4 Nb4 18. d5 c5 19. dxc6 Nxc6 20. axb5 axb5 21. Rxa8 Rxa8
22. Bf4 Re8 23. Bc2 Ne5 24. Nd4 d5 25. Bxe5 Rxe5 26. Nf3 Re7 27. e5 Ne4 28. Nxe4
dxe4 29. Qxd7 Rxd7 30. Bxe4 Bb4 31. Re2 Rd1+ 32. Kh2 Bxe4 33. Rxe4 Bc5 34. Kg3
Kf8 35. Re2 Ke7 36. Rc2 Rd5 37. Kf4 Ke6 38. Ke4 f5+ 39. exf6 gxf6 40. Re2 f5+
41. Kf4+ Kf6 42. Kg3 Bd6+ 43. Kh4 Bf4 44. Rc2 Rd3 45. Rc6+ Kg7 46. Rb6 Rb3 47.
Nd4 Bg5+ 48. Kh5 Rxb2 49. Nxf5+ Kf8 50. Kg6 Ke8 51. Nxh6 Bd8 52. Ng4 Bxb6 0-1

[Event "World Rapid Women 2021"]
[Site "Warsaw POL"]
[Date "2021.12.27"]
[Round "8.38"]
[White "Smirnova, Ekaterina"]
[Black "Smietanska, Wiktoria"]
[Result "1-0"]
[WhiteTitle "WIM"]
[BlackTitle "CM"]
[WhiteElo "2196"]
[BlackElo "1910"]
[WhiteFideId "4110943"]
[BlackFideId "21869359"]
[EventDate "2021.12.26"]

1. d4 Nf6 2. c4 g6 3. Nc3 Bg7 4. g3 O-O 5. Bg2 c6 6. e4 d6 7. Nf3 Nbd7 8. O-O e5
9. h3 Qe7 10. Re1 Re8 11. d5 c5 12. Rb1 Rf8 13. b4 Ne8 14. Bg5 f6 15. Bd2 f5 16.
Ng5 cxb4 17. Rxb4 Nc5 18. Rb1 h6 19. Ne6 Bxe6 20. dxe6 Qxe6 21. exf5 Qxf5 22.
Be3 e4 23. Qc2 Nd3 24. Re2 Nf6 25. Rb5 Qe6 26. Nxe4 Ne5 27. Nxf6+ Qxf6 28. Rxb7
Rab8 29. Qe4 Rbc8 30. Rc2 a6 31. Rb6 Rb8 32. Qd5+ Kh7 33. Rxd6 Rb1+ 34. Kh2 Qf5
35. Be4 Nf3+ 36. Bxf3 Qxc2 37. Qe4 Qxe4 38. Bxe4 Rb2 39. Bxg6+ Kh8 40. a3 a5 41.
c5 Rc8 42. Ra6 Rb5 43. a4 Rb4 44. Rxa5 Bf8 45. Bf5 Rc7 46. Ra8 Kg7 47. Bxh6+
Kxh6 48. Rxf8 Rxc5 49. Bd7 Kg7 50. Rf3 Rd5 51. Bb5 Rd2 52. Kg2 Rbb2 53. g4 Kg6
54. Kg3 Rd1 55. Bd3+ Kg7 56. a5 Rb3 57. Be4 Rxf3+ 58. Kxf3 Ra1 59. h4 Rxa5 60.
Kf4 Ra7 61. g5 Rf7+ 62. Kg3 Re7 63. f3 Re5 64. Kf4 Re7 65. h5 Rf7+ 66. Kg4 Ra7
67. h6+ Kg8 68. f4 Kh8 69. f5 Ra1 70. g6 Rg1+ 71. Kf4 Rd1 72. f6 Rd6 73. g7+ Kg8
74. h7+ Kf7 75. g8=Q+ Kxf6 76. h8=B+ 1-0

[Event "World Rapid Women 2021"]
[Site "Warsaw POL"]
[Date "2021.12.27"]
[Round "8.39"]
[White "Kazarian, Anna-Maja"]
[Black "Bartel, Marta"]
[Result "1-0"]
[WhiteTitle "FM"]
[BlackTitle "WGM"]
[WhiteElo "2138"]
[BlackElo "2192"]
[WhiteFideId "1033689"]
[BlackFideId "1123009"]
[EventDate "2021.12.26"]

1. e4 c5 2. Nf3 Nc6 3. d4 cxd4 4. Nxd4 Nf6 5. Nc3 d6 6. Be2 e5 7. Nb3 Be7 8. g4
Be6 9. g5 Nd7 10. Rg1 a5 11. Bb5 Nb6 12. Nd5 a4 13. Be3 Nxd5 14. exd5 Bd7 15.
Nd2 Nb8 16. Bd3 b5 17. Qe2 Qa5 18. f4 Na6 19. c3 Rc8 20. Ne4 O-O 21. Nf6+ Bxf6
22. Bxh7+ Kxh7 23. Qh5+ Kg8 24. gxf6 1-0

[Event "World Rapid Women 2021"]
[Site "Warsaw POL"]
[Date "2021.12.27"]
[Round "8.40"]
[White "Zabrzanska, Weronika"]
[Black "Efimenko, Maria"]
[Result "1-0"]
[BlackTitle "WIM"]
[WhiteElo "1923"]
[BlackElo "2245"]
[WhiteFideId "21825173"]
[BlackFideId "14124327"]
[EventDate "2021.12.26"]

1. e4 g6 2. d4 d6 3. Nf3 Bg7 4. c3 Nf6 5. Bd3 O-O 6. O-O c6 7. Re1 Qc7 8. Nbd2
e5 9. h3 a5 10. a4 Nbd7 11. Nc4 Re8 12. Qc2 Nh5 13. Be3 Nf4 14. Bf1 f6 15. Rad1
d5 16. dxe5 fxe5 17. Bxf4 exf4 18. exd5 Rxe1 19. Nxe1 cxd5 20. Rxd5 Nf6 21. Rd6
Bf5 22. Qb3 Kh8 23. Rb6 Be4 24. Nd6 Bd5 25. c4 Bc6 26. c5 Bd5 27. Bc4 Qxc5 28.
Bxd5 Qxd5 29. Qxd5 Nxd5 30. Rxb7 Kg8 31. Nc4 Nb4 32. Nxa5 Bxb2 33. Rxb4 Bc3 34.
Rxf4 Rxa5 35. Nc2 Rd5 36. Ne3 Rd2 37. g3 Ra2 38. Rc4 Be1 39. Nc2 Bd2 40. Kf1 Rb2
41. Ke2 Ba5 42. Rc5 Bb6 43. Rc4 Kg7 44. f3 h5 45. Kd3 Ba5 46. Rc5 Bd8 47. Rb5
Ra2 48. Rb8 Bf6 49. Ra8 Rb2 50. a5 Rb3+ 51. Ke2 Rb2 52. Kd1 Rb3 53. a6 Rd3+ 54.
Ke2 Rd7 55. a7 Bd8 56. Rc8 Re7+ 57. Kf1 Rxa7 58. Rxd8 Rc7 59. Rd2 Rc3 60. Kf2 g5
61. Ne3 Ra3 62. h4 gxh4 63. Nf5+ Kf6 64. Nxh4 Rb3 65. Kg2 Rc3 66. Rd5 Rc2+ 67.
Kh3 Rc1 68. Rxh5 Rf1 69. Kg4 Rc1 70. f4 1-0

[Event "World Rapid Women 2021"]
[Site "Warsaw POL"]
[Date "2021.12.27"]
[Round "8.41"]
[White "Injac, Teodora"]
[Black "Alymbai kyzy, Aizhan"]
[Result "1-0"]
[WhiteTitle "WGM"]
[WhiteElo "2407"]
[BlackElo "1889"]
[WhiteFideId "932400"]
[BlackFideId "13800043"]
[EventDate "2021.12.26"]

1. d4 d5 2. Nf3 Nf6 3. c4 c6 4. Nbd2 e6 5. e3 Nbd7 6. Bd3 dxc4 7. Nxc4 Be7 8.
O-O O-O 9. Qe2 c5 10. Rd1 Qc7 11. e4 b5 12. Ne3 cxd4 13. Nxd4 a6 14. Ng4 Nxg4
15. Qxg4 Ne5 16. Qg3 Bd6 17. Bf4 Nc4 18. Bxd6 Qxd6 19. Qxd6 Nxd6 20. e5 Nc4 21.
Bxc4 bxc4 22. Rac1 Rb8 23. Rd2 Rb4 24. Nc6 Rb5 25. Rxc4 Bb7 26. f4 h6 27. b3 Rb6
28. Rd6 Kh7 29. Na5 Rxd6 30. exd6 Bd5 31. Rc7 Rd8 32. d7 Kg6 33. Nc4 Kf6 34. Nb6
Ke7 35. Ra7 Bc6 36. Rxa6 Bxd7 37. Ra7 Kd6 38. Nxd7 Rxd7 39. Rxd7+ Kxd7 40. b4
Kc6 41. a4 f6 42. Kf2 g6 43. Ke3 Kb6 44. Kd4 Kc6 45. b5+ Kb6 46. Kc4 g5 47. fxg5
hxg5 48. h3 f5 49. Kd4 1-0

[Event "World Rapid Women 2021"]
[Site "Warsaw POL"]
[Date "2021.12.27"]
[Round "8.42"]
[White "Strutinskaia, Galina"]
[Black "Yakimova, Mariya"]
[Result "1-0"]
[WhiteTitle "WGM"]
[BlackTitle "WFM"]
[WhiteElo "2142"]
[BlackElo "2198"]
[WhiteFideId "4108558"]
[BlackFideId "34188859"]
[EventDate "2021.12.26"]

1. d4 Nf6 2. c4 g6 3. Nc3 Bg7 4. e4 d6 5. h3 O-O 6. Bg5 h6 7. Be3 e5 8. d5 Na6
9. g4 Nc5 10. Qc2 a5 11. Nge2 c6 12. Ng3 cxd5 13. cxd5 Bd7 14. Qd2 b5 15. f3 b4
16. Nd1 Kh7 17. Bxc5 dxc5 18. Ne3 Ne8 19. a4 bxa3 20. Rxa3 Nd6 21. Bd3 Qh4 22.
Qf2 Rfb8 23. Ng2 Qe7 24. Qxc5 Rxb2 25. O-O a4 26. Qc3 Rab8 27. Rfa1 Qd8 28. Kh2
Qb6 29. Qe1 Bf6 30. R3a2 Qd4 31. Bf1 Bg5 32. Kh1 Bd2 33. Qe2 Bc3 34. Qd3 R2b3
35. Qxd4 Bxd4 36. Rc1 Rxf3 37. Rc7 Rd8 38. Kh2 Bb6 39. Rc1 h5 40. Be2 Rxg3 41.
Kxg3 Nxe4+ 42. Kh2 hxg4 43. hxg4 Kg7 44. Ne1 Be3 45. Rc7 Rh8+ 46. Kg2 Be8 47.
Nd3 Kf6 48. Kf3 Rh3+ 49. Kxe4 Kg5 50. Bf3 Bd4 51. Nxe5 Bxe5 52. Kxe5 Rxf3 53. d6
Rd3 54. Re7 f6+ 55. Ke6 Bb5 56. Rc2 a3 57. Rc5+ Kxg4 58. Rxb5 1-0